| 000 | 00648nam a2200169 4500 | ||
|---|---|---|---|
| 001 | 107161 | ||
| 003 | ES-MaACL | ||
| 005 | 20230906184348.0 | ||
| 007 | t| | ||
| 008 | 061121s1978 sp r ||||1| spa d | ||
| 100 | 1 |
_aMorilla Critz, José. _983552 |
|
| 245 | 1 | 0 |
_aGran capital y estancamiento económico en Andalucía _b: banca y ferrocariles en Málaga en el siglo XIX. / _cJosé Morilla Critz. |
| 260 |
_aCórdoba : _bUniversidad de Córdoba, Instituto de Historia de Andalucía, _c1978. |
||
| 300 |
_a182 p. ; _c22 cm. |
||
| 710 | 2 |
_aUniversidad de Córdoba. _bInstituto de Historia de Andalucía. _97169 |
|
| 852 |
_aES-MaACL _jA-9471 _bR.98625 |
||
| 999 |
_c107161 _d107161 |
||